Κατάλογος Βιβλιοθηκών Mediterranean College

Αφιέρωμα στις Κακοήθεις Παθήσεις Παχέος Εντέρου και Πρωκτού (α' μέρος) (Record no. 9655)

MARC details
000 -LEADER
fixed length control field 01828cam a22001814a 4500
005 - ΗΜΕΡΟΜΗΝΙΑ ΚΑΙ ΩΡΑ ΤΕΛΕΥΤΑΙΑΣ ΕΝΗΜΕΡΩΣΗΣ
Πεδίο ελέγχου 20250605164405.0
008 - FIXED-LENGTH DATA ELEMENTS--GENERAL INFORMATION
Πεδίο ελέγχου σταθερού μήκους 250528s ||||||||||||||||||||||||d
035 ## - SYSTEM CONTROL NUMBER
System control number 24810
040 ## - ΠΗΓΗ ΚΑΤΑΛΟΓΟΓΡΑΦΗΣΗΣ
Φορέας πρωτότυπης καταλογογράφησης MC Athens Campus Library
Γλώσσα καταλογογράφησης Ελληνικά, Μοντέρνα (1453-)
Modifying agency MC Athens Campus Library
Κανόνες περιγραφικής καταλογογράφησης AACR2
245 1# - ΤΙΤΛΟΣ ΚΑΙ ΔΗΛΩΣΗ ΥΠΕΥΘΥΝΟΤΗΤΑΣ
Τίτλος Αφιέρωμα στις Κακοήθεις Παθήσεις Παχέος Εντέρου και Πρωκτού (α' μέρος)
260 ## - PUBLICATION, DISTRIBUTION, ETC.
Name of publisher, distributor, etc. Υγεία,
Date of publication, distribution, etc. 2022
300 ## - PHYSICAL DESCRIPTION
Extent 36
520 ## - SUMMARY, ETC.
Summary, etc. Κακίνος Παχέος Εντέρου: Επιδημιολογία και Παράγοντες Κινδύνου και Πρόληψη, Προληπτικός Έλεγχος Καρκίνου του Παχέος Εντέρου, Ο Ρόλος του Ενδοσκοπικού Υπερηχογραφήματος στη Σταδιοποίηση του Καρκίνου του Όρθου, Σταδιοποίηση Καρκίνου Όρθου, Χειρουργική Προσέγγιση Πρώιμου Καρκίνου Παχέος Εντέρου, Χειρουργική Προσέγγιση Ματαστάσεων και Liver-first και Colorectal-first ή Σύγχρονες Εκτομές για Κολορθικό Καρκίνο με Σύγχρονες Ηπακτικές Μεταστάσεις, Συμπληρωματική Χημειοθεραπεία στα Στάδια ΙΙ και ΙΙΙ του Καρκίνου Παχέος Εντέρου, Χειρουργική Προσέγγιση Καρκίνου του Όρθου, Τοπικές Θεραπείες Ηπατικών Μεατστάσεων από Καρκίνο του Παχέος Εντέρου, Χρήση Ανοσοθεραπείας στον Καρκίνο του Παχέος Εντέρου.
700 1# - ΠΡΟΣΘΕΤΗ ΑΝΑΓΡΑΦΗ--ΦΥΣΙΚΟ ΠΡΟΣΩΠΟ
Personal name Αποστολάκης Ιωάννης
9 (RLIN) 9425
942 ## - ADDED ENTRY ELEMENTS (KOHA)
Koha item type Περιοδικά Δημοσιεύματα
Holdings
Τύπος τεκμηρίου Βιβλιοθήκη Τρέχουσα τοποθεσία Barcode Ημερομηνία απόκτησης Ταξιθετικό σύμβολο Αριθμός αντιτύπου Αρίθμηση σειρών / χρονολογία Κατάσταση απόσυρσης Κατάσταση χαμένου Κατάσταση κατεστραμμένου Μη δανεισμός Σύνολο δανεισμών Ημερομηνία τελευταίας εμφάνισης Η τιμή ισχύει από
Περιοδικά Δημοσιεύματα MC Athens Campus Library MC Athens Campus Library 9780000096548 05/06/2025 ΙΑΤΡΙΚΑ ΑΝΑΛΕΚΤΑ4 1 Δ'           05/06/2025 05/06/2025

MC Athens Campus Library
Πατησίων 94 & Κοδριγκτώνος 13, 104 34
Πελλήνης 8 & Πατησίων 107, 112 51
Τ: +30 210 8899600

MC Thessaloniki Campus Library
Ίωνος Δραγούμη 21, 54625 | Ίωνος Δραγούμη 15, 54625
Τ: +30 2310 287779 – Τ: +30 2314 440300